000 00987nam a2200217 i 4500
001 165383
003 ES-MaACL
005 20260127062552.0
008 000103s1889 sp |||| | spa d
040 _aCCPB | B
_bspa
_cCCPB | B
100 1 _aSilvela, Francisco,
_d1845-1905
_9106425
245 1 0 _aDiscurso leído por ... Francisco Silvela presidente de la Real Academia de Jurisprudencia y Legislación en la sesión inaugural del curso de 1889 a 1890 : celebrada en 31 de octubre de 1889.
260 _aMadrid :
_b[s.n.],
_c1889 (
_fImp. del Ministerio de Gracia y Justicia)
300 _a22 p. ;
_c25 cm.
596 _aMarca tip. en port.
650 4 _aInmunidad parlamentaria.
_9138848
700 _aReal Academia de Jurisprudencia y Legislación de España
_9217612
710 1 _aEspaña.
_bMinisterio de Gracia y Justicia.
_93873
852 _aES-MaACL
_jT-504-F-8
_z- Enc. hol. conservando la cub. original
_z- Enc. en un vol. facticio
999 _c165383
_d165383